00855naa a22002417a 4500001001000000003000900010005001700019007000300036008003400039040005400073041000900127072001400136100001700150100001400167100001800181111008900199245005900288260003900347500010400386650000900490650001300499773010100512BR8305193BR-BrBNA20240918175333.0ta230509b bl.||||| |||| 00| 0 por d aBR-BrBNAbporcBiblioteca Nacional de Agricultura a(Pt) aF30b03361 aVieira, S.A.1 aBen, J.R.1 aMarques, G.L.1 a9. Reuniao de Pesquisa de Soja da Regiao SulcSanta Maria, RS (Brazil)d2-4 Aug 19831 aAvaliacao de ensaios preliminares de linhagens de soja3 aPasso Fundo, RS (Brasil): c1983.  aSoja. Resultados de Pesquisa, 1982-1983 Passo Fundo, RS (Brasil): 1983. p. 15-25 (BR8305193-AM)F30  aSOJA aLINHAGEM0 tSoja. Resultados de Pesquisa, 1982-1983wF30 BR8305193gPasso Fundo, RS (Brasil), 1983. p. 15-25